000 00482nam a2200169Ia 4500
008 230917s9999||||xx |||||||||||||| ||und||
020 _cUSD35
040 _e252121
_aMAIN
041 _aEnglish
082 _a641.564 C132C
100 _aCallery, Emma, ed.
245 0 _aCooking season by season: 1000 recipes to cook through the year
260 _aNew York
_bD K Publishing
_c2012
300 _a496 p.
500 _a3352 10/12/2018 HBD18/7577 11/12/2018 IHTM (SFS)
942 _cBK
999 _c29293
_d29293